| 000 | 01038nam a22002297a 4500 | ||
|---|---|---|---|
| 999 |
_c239 _d239 |
||
| 003 | AR-CdUCM | ||
| 008 | 190222b ||||| |||| 00| 0 spa d | ||
| 020 | _a9789972296727 | ||
| 040 |
_aMUNICIPALIDAD PROVINCIAL DEL CUSCO _cBIBLIOTECA MUNICIPAL DEL CUSCO |
||
| 082 |
_a301.985 / _bP13 |
||
| 100 |
_aPacheco Medrano, karina _91044 |
||
| 245 |
_aIncas, indios y fiestas : _bReivindicaciones y representaciones en la configuración de la identidad cusqueña / |
||
| 260 |
_aCusco : _bInstituto Nacional de Cultura, _c2007. |
||
| 300 |
_a447 páginas ; _b22 cm. _c20 fotografías. |
||
| 505 | _aOrígenes del discurso indigenista -- Efervescencia y expansión del indigenismo -- Del indigenismo a la reivindicación moderna del Cusco: Transformación de la sociedad y oficialización del cusqueñismo -- El incanismo -- Visión sobre la conquista y los españoles ... | ||
| 650 |
_aCusco. _9772 |
||
| 650 |
_aConquista. _91045 |
||
| 650 |
_aIdentidad. _9255 |
||
| 650 |
_aFiestas. _91046 |
||
| 942 |
_2ddc _cLIBROS |
||
| 945 |
_amvr _d2019-02-22 |
||